[Event "Plzen, JF A"]
[Site "?"]
[Date "1999.??.??"]
[Round "5.6"]
[White "Houska, J."]
[Black "Cedikova, K."]
[Result "0-1"]
[WhiteElo "1805"]
[BlackElo "2150"]
[PlyCount "80"]
[EventDate "1999.??.??"]
[Source "ChessBase"]
[SourceDate "1996.11.15"]

1. e4 c5 2. Nc3 Nc6 3. f4 g6 4. Nf3 Bg7 5. Bc4 e6 6. O-O Nge7 7. Qe1 O-O 8. d3
d5 9. Bb3 a6 10. a4 b6 11. f5 dxe4 12. f6 exf3 13. fxg7 Qd4+ 14. Be3 Qxg7 15.
Rxf3 Nf5 16. Rxf5 gxf5 17. Qd2 Ne5 18. Rf1 Bb7 19. Bh6 Qg6 20. Bxf8 Rxf8 21.
Qe2 Rd8 22. g3 Nc6 23. Nb1 Nd4 24. Qe3 Qg4 25. Nd2 f4 26. Rxf4 Ne2+ 27. Kf2
Nxf4 28. Qxf4 Qxf4+ 29. gxf4 b5 30. Ke3 Kg7 31. c3 Kf6 32. axb5 axb5 33. Ne4+
Bxe4 34. dxe4 h6 35. e5+ Ke7 36. Bc2 Rg8 37. b4 cxb4 38. cxb4 Rg2 39. Bd3 Rxh2
40. Bxb5 Rb2 0-1

[Event "Plzen, JF A"]
[Site "?"]
[Date "1999.??.??"]
[Round "5.7"]
[White "Vagner, T."]
[Black "Herskovic, R."]
[Result "1-0"]
[WhiteElo "1858"]
[BlackElo "1944"]
[PlyCount "61"]
[EventDate "1999.??.??"]
[Source "ChessBase"]
[SourceDate "1996.11.15"]

1. e4 Nf6 2. Nc3 d5 3. exd5 Nxd5 4. Nf3 Nxc3 5. bxc3 g6 6. Bc4 Bg7 7. O-O O-O
8. Re1 c5 9. d4 Qc7 10. Qe2 e6 11. g3 Nc6 12. Bf4 Qa5 13. Qe3 b5 14. Bf1 Bb7
15. Bh6 cxd4 16. cxd4 Nb4 17. Bxg7 Kxg7 18. Re2 Rac8 19. Ne5 Nxc2 20. Rxc2 Rxc2
21. Nd7 Rxa2 22. Rd1 b4 23. d5 Qc7 24. Nxf8 Kxf8 25. dxe6 Rc2 26. Qh6+ Ke8 27.
Qxh7 fxe6 28. Qg8+ Ke7 29. Qg7+ Ke8 30. Bb5+ Rc6 31. Qxc7 1-0

[Event "Plzen, JF A"]
[Site "?"]
[Date "1999.??.??"]
[Round "5.8"]
[White "Decka, E."]
[Black "Pribyl, J."]
[Result "1/2-1/2"]
[WhiteElo "2083"]
[BlackElo "1914"]
[PlyCount "65"]
[EventDate "1999.??.??"]
[Source "ChessBase"]
[SourceDate "1996.11.15"]

1. e4 e5 2. Bc4 Nf6 3. d3 Bc5 4. Nc3 Nc6 5. f4 d6 6. Nf3 Bg4 7. Na4 Bb6 8. Nxb6
axb6 9. h3 Bxf3 10. Qxf3 exf4 11. Bxf4 Ne5 12. Bxe5 dxe5 13. Qg3 Qe7 14. O-O
O-O 15. Kh2 Nh5 16. Qg4 Nf4 17. g3 Ne6 18. Rf5 Nd4 19. Rf2 b5 20. Bb3 Nxb3 21.
cxb3 Ra6 22. Rc2 Qd6 23. Qe2 Rc6 24. Rd2 Ra8 25. d4 exd4 26. Qxb5 Rb6 27. Qc4
Rb4 28. Qd3 c5 29. a3 Rb6 30. Qc4 Rc8 31. Rf1 Qe6 32. Rf3 Qxc4 33. bxc4 1/2-1/2

[Event "Plzen, JF A"]
[Site "?"]
[Date "1999.??.??"]
[Round "5.9"]
[White "Pirklova, H."]
[Black "Balcar, M."]
[Result "1-0"]
[WhiteElo "2067"]
[BlackElo "1888"]
[PlyCount "93"]
[EventDate "1999.??.??"]
[Source "ChessBase"]
[SourceDate "1996.11.15"]

1. e4 e6 2. d4 d5 3. e5 c5 4. c3 Bd7 5. Nf3 Qb6 6. Be2 cxd4 7. cxd4 Bb5 8. O-O
Bxe2 9. Qxe2 Nc6 10. Be3 Nge7 11. Nc3 Nf5 12. Rad1 Be7 13. Qc2 Rc8 14. Nxd5 Qd8
15. Nc3 O-O 16. Qe4 Nxe3 17. fxe3 Nb4 18. Rf2 Nd5 19. Nxd5 exd5 20. Qd3 Qb6 21.
Rc2 Rc6 22. Rdc1 Rfc8 23. Rxc6 Rxc6 24. Rxc6 Qxc6 25. Kf2 Bb4 26. Ng5 g6 27.
Qb3 Ba5 28. Qd1 h6 29. Nf3 Kg7 30. Ng1 Qc4 31. a3 b5 32. Ne2 Bd8 33. Qc1 Qd3
34. Qc3 Qf5+ 35. Kg1 Qb1+ 36. Qc1 Qe4 37. Nc3 Qd3 38. Nxd5 Bg5 39. Kf2 Qf5+ 40.
Nf4 Bd8 41. Kg1 Qe4 42. Kf2 Qf5 43. Qd2 g5 44. Qd3 Qc8 45. Nh5+ Kg8 46. Ng3 a6
47. Nf5 1-0

[Event "Plzen, JF A"]
[Site "?"]
[Date "1999.??.??"]
[Round "5.10"]
[White "Kolar, J."]
[Black "Belan, V."]
[Result "0-1"]
[WhiteElo "2029"]
[BlackElo "1780"]
[PlyCount "74"]
[EventDate "1999.??.??"]
[Source "ChessBase"]
[SourceDate "1996.11.15"]

1. e4 c5 2. Nc3 Nc6 3. Nge2 e6 4. d4 cxd4 5. Nxd4 Nf6 6. Nxc6 bxc6 7. e5 Nd5 8.
Ne4 Qc7 9. f4 Be7 10. c4 Nb6 11. Nd6+ Bxd6 12. exd6 Qd8 13. Qd4 O-O 14. b3 Bb7
15. Bb2 Qh4+ 16. g3 Qh6 17. c5 Nd5 18. Be2 a5 19. O-O Ba6 20. Bxa6 Rxa6 21. a3
Rb8 22. Rf3 f6 23. Re1 Qh5 24. Kg2 Ra7 25. h3 Rab7 26. Qc4 Qe8 27. Ba1 Rb5 28.
g4 Qf7 29. h4 Qg6 30. f5 exf5 31. Re7 fxg4 32. Rg3 f5 33. Rxd7 R5b7 34. Rc7 f4
35. Rxc6 fxg3 36. Qxd5+ Qf7 37. Qd4 Qf3+ 0-1

[Event "Plzen, JF A"]
[Site "?"]
[Date "1999.??.??"]
[Round "5.11"]
[White "Hampek, M."]
[Black "Flaisigova, P."]
[Result "1-0"]
[WhiteElo "1820"]
[BlackElo "2006"]
[PlyCount "57"]
[EventDate "1999.??.??"]
[Source "ChessBase"]
[SourceDate "1996.11.15"]

1. d4 f5 2. e4 fxe4 3. Nc3 Nf6 4. Bg5 c6 5. f3 d5 6. fxe4 dxe4 7. Bc4 Bf5 8.
Nge2 Nbd7 9. O-O Bg6 10. Nf4 Bf7 11. Bxf7+ Kxf7 12. Qe2 Nb6 13. Rad1 Nbd5 14.
Nxe4 Nxf4 15. Bxf4 h6 16. Nc5 Qc8 17. Rde1 Kg8 18. Bg3 Kh7 19. c3 b6 20. Ne6
Qb7 21. Nxf8+ Rhxf8 22. Qxe7 Qa6 23. Qe6 Kh8 24. a3 Qb5 25. Qe2 Qd5 26. Qc2
Rae8 27. Be5 Qg8 28. Qg6 Nd7 29. Qxh6+ 1-0

[Event "Plzen, JF A"]
[Site "?"]
[Date "1999.??.??"]
[Round "5.12"]
[White "Hejkrlik, F."]
[Black "Soukup, J."]
[Result "0-1"]
[WhiteElo "2003"]
[BlackElo "2084"]
[PlyCount "60"]
[EventDate "1999.??.??"]
[Source "ChessBase"]
[SourceDate "1996.11.15"]

1. d4 d5 2. Nf3 Nf6 3. Bf4 Bf5 4. e3 e6 5. Bd3 Bg6 6. Qe2 Bd6 7. Bg3 O-O 8.
Nbd2 Ne4 9. Ne5 Bxe5 10. Bxe5 Nxd2 11. Qxd2 Nd7 12. Bg3 Rc8 13. O-O Re8 14.
Rad1 c5 15. Bxg6 hxg6 16. c3 Nb6 17. b3 Qe7 18. Rc1 Rc6 19. h3 Ra8 20. Rfe1 a5
21. e4 Rd8 22. Rcd1 c4 23. Re3 Qd7 24. Qb2 dxe4 25. Rxe4 Nd5 26. Rc1 Rdc8 27.
bxc4 Rxc4 28. Ree1 Nxc3 29. Rc2 Na4 30. Qb5 Qxb5 0-1

[Event "Plzen, JF A"]
[Site "?"]
[Date "1999.??.??"]
[Round "5.13"]
[White "Sedlacek, J."]
[Black "Rerabkova, L."]
[Result "1/2-1/2"]
[WhiteElo "1687"]
[BlackElo "1791"]
[PlyCount "100"]
[EventDate "1999.??.??"]
[Source "ChessBase"]
[SourceDate "1996.11.15"]

1. c4 Nf6 2. Nc3 g6 3. Nf3 Bg7 4. g3 O-O 5. Bg2 d6 6. O-O e5 7. d3 Nc6 8. a3 a5
9. Bd2 Bd7 10. Rb1 Qc8 11. Re1 Bh3 12. Bh1 h6 13. b4 axb4 14. axb4 Ng4 15. Nd5
Qd7 16. b5 Ne7 17. Nh4 Nxd5 18. cxd5 Kh7 19. b6 f5 20. f3 Nf6 21. bxc7 Qxc7 22.
Qb3 Qc5+ 23. e3 Rf7 24. Bg2 Bxg2 25. Nxg2 Qxd5 26. Qxd5 Nxd5 27. e4 Nf6 28. Rb6
Ra6 29. Rxa6 bxa6 30. Ra1 Ra7 31. exf5 gxf5 32. Nh4 e4 33. Nxf5 exf3 34. Nxg7
Kxg7 35. Bc3 Kg6 36. Ra5 Ra8 37. h3 Rc8 38. Bxf6 Kxf6 39. Rxa6 Ke5 40. Kf2 Rf8
41. Ra4 d5 42. Rh4 Rf6 43. d4+ Ke6 44. Rf4 Rxf4 45. gxf4 h5 46. h4 Kf5 47. Kxf3
Kg6 48. Kf2 Kf6 49. f5 Kxf5 50. Kf3 Kg6 1/2-1/2

[Event "Plzen, JF A"]
[Site "?"]
[Date "1999.??.??"]
[Round "6.1"]
[White "Bernasek, J."]
[Black "Juptner, J."]
[Result "1-0"]
[WhiteElo "2080"]
[BlackElo "1967"]
[PlyCount "59"]
[EventDate "1999.??.??"]
[Source "ChessBase"]
[SourceDate "1996.11.15"]

1. Nf3 d5 2. d4 Nf6 3. c4 dxc4 4. Qc2 b5 5. g3 e6 6. a4 c6 7. Bg2 Bb7 8. O-O
Nbd7 9. e4 a6 10. Bg5 h6 11. Be3 c5 12. axb5 axb5 13. Nc3 b4 14. Rxa8 Qxa8 15.
Nb5 Qa5 16. Qxc4 Bc6 17. Nc7+ Qxc7 18. dxc5 Bxe4 19. Rc1 Nb8 20. Qxb4 Nc6 21.
Qb5 Be7 22. Nd4 Bxg2 23. Kxg2 Kd7 24. Bf4 Qc8 25. Ra1 Bxc5 26. Qxc5 Ne4 27. Qb5
g5 28. Nxc6 Nd6 29. Ra7+ Ke8 30. Bxd6 1-0

[Event "Plzen, JF A"]
[Site "?"]
[Date "1999.??.??"]
[Round "6.2"]
[White "Blecha, M."]
[Black "Kaderka, R."]
[Result "1/2-1/2"]
[WhiteElo "2194"]
[BlackElo "2160"]
[PlyCount "74"]
[EventDate "1999.??.??"]
[Source "ChessBase"]
[SourceDate "1996.11.15"]

1. e4 d6 2. d4 Nf6 3. Nc3 g6 4. f4 Bg7 5. Nf3 c5 6. Bb5+ Bd7 7. e5 Ng4 8. Bxd7+
Nxd7 9. e6 Ndf6 10. exf7+ Kxf7 11. Ng5+ Kg8 12. Qe2 Qd7 13. Qc4+ d5 14. Qxc5
Rc8 15. Qxa7 Qf5 16. Qxb7 h6 17. Nf3 Rxc3 18. bxc3 Qe4+ 19. Kf1 Qxc2 20. Bd2
Qd3+ 21. Kg1 Qe2 22. Rf1 Ne3 23. Rf2 Qd1+ 24. Be1 Ne4 25. Qb2 Nxf2 26. Qxf2 Qd3
27. Bd2 Nc4 28. g3 Nxd2 29. Nxd2 Qxc3 30. Nf3 Kh7 31. Kg2 Rb8 32. Re1 Bf6 33.
Re2 Rb4 34. Rd2 Kg7 35. Ne5 Ra4 36. g4 Bxe5 37. fxe5 Ra3 1/2-1/2

[Event "Plzen, JF A"]
[Site "?"]
[Date "1999.??.??"]
[Round "6.3"]
[White "Cedikova, K."]
[Black "Petek, P."]
[Result "1-0"]
[WhiteElo "2150"]
[BlackElo "1898"]
[PlyCount "63"]
[EventDate "1999.??.??"]
[Source "ChessBase"]
[SourceDate "1996.11.15"]

1. d4 d5 2. c4 Nc6 3. Nf3 Bg4 4. cxd5 Bxf3 5. gxf3 Qxd5 6. e3 e6 7. Nc3 Qh5 8.
Be2 Bd6 9. Bd2 Nge7 10. Qb3 O-O-O 11. O-O-O Rhe8 12. Kb1 Nf5 13. Ka1 Be7 14.
Rc1 Bh4 15. Ne4 Nd6 16. Rxc6 Nxe4 17. Ba6 bxa6 18. Rhc1 Rd7 19. fxe4 Bxf2 20.
Qc4 Qxh2 21. Qxa6+ Kd8 22. Bb4 Ree7 23. Qxa7 Ke8 24. Bxe7 Bxe3 25. Qa8+ Kxe7
26. Qa3+ Kf6 27. Qxe3 g5 28. e5+ Kf5 29. Rxc7 Rxc7 30. Rxc7 Qh1+ 31. Rc1 Qh4
32. Qd3+ 1-0

[Event "Plzen, JF A"]
[Site "?"]
[Date "1999.??.??"]
[Round "6.4"]
[White "Konigova, P."]
[Black "Vagner, T."]
[Result "0-1"]
[WhiteElo "2061"]
[BlackElo "1858"]
[PlyCount "76"]
[EventDate "1999.??.??"]
[Source "ChessBase"]
[SourceDate "1996.11.15"]

1. e4 c5 2. Nf3 e6 3. d4 cxd4 4. Nxd4 a6 5. Nc3 Qc7 6. Bd3 Nc6 7. Be3 Nf6 8.
Qe2 d6 9. O-O e5 10. Nb3 Be6 11. f4 Ng4 12. Bd2 exf4 13. Nd5 Bxd5 14. exd5+
Nce5 15. Rxf4 Nf6 16. c4 Be7 17. Bf5 g6 18. Bd3 Nh5 19. Re4 f5 20. Re3 Nf4 21.
Qf1 Nfxd3 22. Rxd3 Nxd3 23. Qxd3 O-O 24. Nd4 Rfc8 25. b3 Bf6 26. Ne6 Qd7 27.
Re1 b5 28. Nd4 Bxd4+ 29. Qxd4 Qa7 30. Qxa7 Rxa7 31. Bf4 bxc4 32. bxc4 Rxc4 33.
Bxd6 Rd7 34. Re6 Kf7 35. a3 Re4 36. Kf2 Rxe6 37. dxe6+ Kxe6 38. Bb4 Kd5 0-1

[Event "Plzen, JF A"]
[Site "?"]
[Date "1999.??.??"]
[Round "6.5"]
[White "Balin, K."]
[Black "Hodova, L."]
[Result "1/2-1/2"]
[WhiteElo "1958"]
[BlackElo "1852"]
[PlyCount "41"]
[EventDate "1999.??.??"]
[Source "ChessBase"]
[SourceDate "1996.11.15"]

1. d4 d5 2. c4 e6 3. Nc3 c5 4. cxd5 exd5 5. Nf3 Nc6 6. e3 Nf6 7. Bb5 Be7 8. Ne5
Qd6 9. Qa4 Bd7 10. Nxd7 Qxd7 11. O-O O-O 12. dxc5 Bxc5 13. b4 Bb6 14. Bb2 a6
15. Bxc6 bxc6 16. Ne2 a5 17. Bxf6 gxf6 18. bxa5 Rxa5 19. Qh4 Qf5 20. Rfd1 Qg5
21. Qb4 1/2-1/2

[Event "Plzen, JF A"]
[Site "?"]
[Date "1999.??.??"]
[Round "6.6"]
[White "Balin, J."]
[Black "Buldrova, M."]
[Result "1/2-1/2"]
[WhiteElo "1895"]
[BlackElo "2129"]
[PlyCount "51"]
[EventDate "1999.??.??"]
[Source "ChessBase"]
[SourceDate "1996.11.15"]

1. d4 d5 2. c4 c6 3. cxd5 cxd5 4. Nf3 Nf6 5. Bf4 Nc6 6. Nc3 e6 7. e3 a6 8. Bd3
Be7 9. h3 O-O 10. O-O b6 11. Rc1 Bb7 12. a3 Rc8 13. b4 b5 14. Nd2 Nd7 15. Nb3
Nb6 16. Nc5 Bxc5 17. bxc5 Nd7 18. Bd6 Re8 19. f4 f5 20. g4 Qh4 21. Qf3 g6 22.
Rf2 Nf6 23. Rg2 Kf7 24. Nb1 Ne4 25. Be5 Nxe5 26. fxe5 1/2-1/2

[Event "Plzen, JF A"]
[Site "?"]
[Date "1999.??.??"]
[Round "6.7"]
[White "Belan, V."]
[Black "Pirklova, H."]
[Result "1/2-1/2"]
[WhiteElo "1780"]
[BlackElo "2067"]
[PlyCount "40"]
[EventDate "1999.??.??"]
[Source "ChessBase"]
[SourceDate "1996.11.15"]

1. c4 Nf6 2. Nc3 g6 3. g3 Bg7 4. Bg2 O-O 5. d3 c6 6. e4 d6 7. Nge2 e5 8. O-O
Na6 9. b3 Nc7 10. d4 Be6 11. Ba3 Re8 12. Qd2 b5 13. cxb5 Nxb5 14. Nxb5 cxb5 15.
Qb4 Bd7 16. Bb2 a5 17. Qd2 Rc8 18. Rac1 Qb6 19. Rxc8 Bxc8 20. Rc1 Bb7 1/2-1/2

[Event "Plzen, JF A"]
[Site "?"]
[Date "1999.??.??"]
[Round "6.8"]
[White "Herskovic, R."]
[Black "Hampek, M."]
[Result "1-0"]
[WhiteElo "1944"]
[BlackElo "1820"]
[PlyCount "71"]
[EventDate "1999.??.??"]
[Source "ChessBase"]
[SourceDate "1996.11.15"]

1. e4 c5 2. Nf3 e6 3. d4 cxd4 4. Nxd4 a6 5. c4 Qc7 6. Nc3 Nc6 7. Be3 Nf6 8. Be2
Bb4 9. Qd2 Bxc3 10. bxc3 O-O 11. O-O Na5 12. Qd3 b6 13. Rab1 Nb7 14. Nb3 Nc5
15. Nxc5 bxc5 16. f4 Ne8 17. f5 f6 18. Bf4 e5 19. Qd5+ Kh8 20. Qxa8 exf4 21.
Qb8 Qd8 22. Rxf4 d6 23. Rb7 Kg8 24. Bh5 Kh8 25. Rg4 g6 26. Bxg6 Ng7 27. Rxg7
Kxg7 28. Qa7+ Bd7 29. Qxd7+ Qxd7 30. Be8+ Kh8 31. Bxd7 Rg8 32. Rxg8+ Kxg8 33.
Kf2 Kg7 34. Ke3 Kf8 35. Kf4 Kg7 36. g4 1-0

[Event "Plzen, JF A"]
[Site "?"]
[Date "1999.??.??"]
[Round "6.9"]
[White "Soukup, J."]
[Black "Pribyl, J."]
[Result "1-0"]
[WhiteElo "2084"]
[BlackElo "1914"]
[PlyCount "77"]
[EventDate "1999.??.??"]
[Source "ChessBase"]
[SourceDate "1996.11.15"]

1. e4 e5 2. Nf3 Nc6 3. Bc4 Nf6 4. d3 Bc5 5. Nc3 h6 6. Be3 Bb6 7. Qd2 d6 8. h3
Na5 9. Bb3 Nxb3 10. axb3 Be6 11. d4 exd4 12. Bxd4 Bxd4 13. Qxd4 a6 14. Qb4 Rb8
15. O-O-O Qe7 16. Rhe1 O-O 17. e5 Ne8 18. Ne4 a5 19. Qa3 Rc8 20. Nd4 Qh4 21.
Nf3 Qh5 22. Qxa5 Qg6 23. g4 f6 24. Nh4 Qf7 25. f4 fxe5 26. f5 Bxb3 27. cxb3 Nf6
28. Nxf6+ Qxf6 29. Ng6 Rfe8 30. Qd5+ Kh7 31. h4 Ra8 32. Kb1 Ra7 33. Rf1 Rea8
34. Kc2 Ra5 35. Qxb7 Rc5+ 36. Kb1 Qd8 37. Qe4 Qb8 38. f6 Qxb3 39. Ne7+ 1-0

[Event "Plzen, JF A"]
[Site "?"]
[Date "1999.??.??"]
[Round "6.10"]
[White "Decka, E."]
[Black "Houska, J."]
[Result "1-0"]
[WhiteElo "2083"]
[BlackElo "1805"]
[PlyCount "53"]
[EventDate "1999.??.??"]
[Source "ChessBase"]
[SourceDate "1996.11.15"]

1. e4 c5 2. Nf3 d6 3. d4 cxd4 4. Nxd4 Nf6 5. Nc3 g6 6. f4 Nc6 7. Nf3 Bg7 8. Bd3
O-O 9. O-O a6 10. Qe1 b5 11. h3 Bb7 12. g4 e6 13. g5 Nd7 14. f5 exf5 15. exf5
Re8 16. Qh4 Nce5 17. Nxe5 Qb6+ 18. Kh2 Bxe5+ 19. Bf4 Bxc3 20. bxc3 Qc6 21. Rf2
Ne5 22. Qh6 Kh8 23. Bxe5+ dxe5 24. f6 Rg8 25. Rg1 Bc8 26. Re2 Bf5 27. Re4 1-0

[Event "Plzen, JF A"]
[Site "?"]
[Date "1999.??.??"]
[Round "6.11"]
[White "Flaisigova, P."]
[Black "Sedlacek, J."]
[Result "1-0"]
[WhiteElo "2006"]
[BlackElo "1687"]
[PlyCount "78"]
[EventDate "1999.??.??"]
[Source "ChessBase"]
[SourceDate "1996.11.15"]

1. e4 c5 2. Nf3 d6 3. d4 cxd4 4. Nxd4 Nf6 5. Nc3 g6 6. Be3 Bg7 7. f3 O-O 8. Qd2
Nc6 9. g4 h5 10. gxh5 Nxh5 11. O-O-O Bd7 12. Be2 Ne5 13. Bh6 Rc8 14. Bxg7 Kxg7
15. Rhg1 Nc4 16. Bxc4 Rxc4 17. Rg5 Rh8 18. Rdg1 Rc5 19. Nf5+ Bxf5 20. exf5 e6
21. Ne4 Rxf5 22. Rxf5 exf5 23. Nxd6 Qd7 24. Qd5 Kf8 25. Qe5 Ng7 26. Rd1 Qe6 27.
Qc5 b6 28. Qc7 Nh5 29. Nxf7 Qe3+ 30. Kb1 Rh7 31. Rd8+ Kg7 32. Ng5+ Kh6 33.
Qxh7+ Kxg5 34. a3 Qe1+ 35. Ka2 Qe6+ 36. b3 Qe2 37. Qc7 Qe6 38. Rd3 Qe2 39. Qc4
Qe7 $138 1-0

[Event "Plzen, JF A"]
[Site "?"]
[Date "1999.??.??"]
[Round "6.12"]
[White "Balcar, M."]
[Black "Hejkrlik, F."]
[Result "0-1"]
[WhiteElo "1888"]
[BlackElo "2003"]
[PlyCount "88"]
[EventDate "1999.??.??"]
[Source "ChessBase"]
[SourceDate "1996.11.15"]

1. e4 c5 2. Nf3 e6 3. d4 cxd4 4. Nxd4 Nc6 5. g3 Nf6 6. Bg2 Bc5 7. Nb3 Be7 8.
O-O d6 9. Nc3 a6 10. a4 Qc7 11. f4 h5 12. Qe2 Bd7 13. Be3 Ng4 14. a5 Nxe3 15.
Qxe3 Na7 16. f5 Bf6 17. fxe6 fxe6 18. Rf2 Bxc3 19. bxc3 Nb5 20. Qg5 Qxc3 21.
Raf1 Qe5 22. Qg6+ Ke7 23. Rf7+ Kd8 24. Rxg7 Kc7 25. Rff7 Rad8 26. Bh3 Nd4 27.
Nxd4 Qxd4+ 28. Kh1 Rhf8 29. Rxd7+ Rxd7 30. Rxd7+ Kxd7 31. Qxe6+ Kc6 32. Qd7+
Kc5 33. Qc7+ Kb4 34. c3+ Qxc3 35. Qxd6+ Qc5 36. Qd2+ Ka3 37. Bd7 Rf2 38. Qe1
Qc2 39. Qe3+ Kb2 40. Qb6+ Kc3 41. Qe3+ Kb2 42. Qd4+ Kc1 43. Qe3+ Kd1 44. Ba4
Rf1+ 0-1

[Event "Plzen, JF A"]
[Site "?"]
[Date "1999.??.??"]
[Round "6.13"]
[White "Rerabkova, L."]
[Black "Kolar, J."]
[Result "0-1"]
[WhiteElo "1791"]
[BlackElo "2029"]
[PlyCount "88"]
[EventDate "1999.??.??"]
[Source "ChessBase"]
[SourceDate "1996.11.15"]

1. e4 c5 2. c3 Qa5 3. Nf3 Nc6 4. d4 cxd4 5. Nxd4 Nf6 6. Nxc6 bxc6 7. Bd3 e5 8.
O-O Be7 9. Nd2 O-O 10. Nf3 d6 11. h3 h6 12. Be3 Be6 13. Qd2 Qc7 14. Qc2 a5 15.
b3 d5 16. Rfe1 Nd7 17. Rad1 Rae8 18. Qd2 d4 19. Nxd4 exd4 20. Bxd4 Bg5 21. Qe2
c5 22. Be3 Bxe3 23. Qxe3 Rb8 24. e5 Rfd8 25. Qe4 g6 26. Qf4 Kg7 27. Re3 c4 28.
Bxc4 Bxc4 29. Qxc4 Qxc4 30. bxc4 Nb6 31. Rd4 Rxd4 32. cxd4 Nxc4 33. Rc3 Rb1+
34. Kh2 Nb6 35. Rc2 a4 36. a3 Rd1 37. Rc6 Rb1 38. Rc2 Rb3 39. Rc6 Nd5 40. Rc5
Nf4 41. g3 Nd3 42. Rc2 Rxa3 43. f4 Rb3 44. d5 a3 0-1

[Event "Plzen, JF A"]
[Site "?"]
[Date "1999.??.??"]
[Round "7.1"]
[White "Blecha, M."]
[Black "Bernasek, J."]
[Result "1-0"]
[WhiteElo "2194"]
[BlackElo "2080"]
[PlyCount "70"]
[EventDate "1999.??.??"]
[Source "ChessBase"]
[SourceDate "1996.11.15"]

1. e4 c5 2. Nf3 e6 3. d4 cxd4 4. Nxd4 a6 5. Nc3 b5 6. Bd3 Bb7 7. O-O Qc7 8. Kh1
Bc5 9. Nb3 Bb6 10. Qg4 Ne7 11. Bf4 d6 12. Bxb5+ axb5 13. Nxb5 Qc6 14. Qxg7 Rg8
15. Nxd6+ Qxd6 16. Qxg8+ Nxg8 17. Bxd6 Bxe4 18. Rac1 Nc6 19. a3 O-O-O 20. Bc5
Bc7 21. Be3 Nge7 22. Nc5 Bg6 23. Na6 Be5 24. b4 Nf5 25. Bb6 Rd2 26. b5 Kb7 27.
Bc5 Ncd4 28. c4 Nh4 29. Bxd4 Bxd4 30. c5 Bxf2 31. c6+ Ka7 32. c7 Be4 33. Rxf2
Rxf2 34. c8=Q Kb6 35. Qc5+ Ka5 1-0

[Event "Plzen, JF A"]
[Site "?"]
[Date "1999.??.??"]
[Round "7.2"]
[White "Vagner, J."]
[Black "Juptner, J."]
[Result "1-0"]
[WhiteElo "1858"]
[BlackElo "1967"]
[PlyCount "83"]
[EventDate "1999.??.??"]
[Source "ChessBase"]
[SourceDate "1996.11.15"]

1. e4 c5 2. Nf3 d6 3. c3 Nf6 4. Be2 Nc6 5. Qc2 e5 6. d3 g6 7. h3 Bg7 8. Be3 O-O
9. Nbd2 Re8 10. Nf1 Nh5 11. g3 Qa5 12. Qd2 b5 13. Ng5 Nf6 14. h4 d5 15. Bxc5 h6
16. exd5 Nxd5 17. Ne4 f5 18. Nd6 Rd8 19. b4 Qc7 20. Nxb5 Qb8 21. Na3 a5 22. b5
Ncb4 23. cxb4 axb4 24. Bxb4 Bb7 25. Rg1 Ra4 26. Bc5 Rc8 27. Bd1 Rxc5 28. Bxa4
Qa7 29. Bb3 Qxa3 30. Ne3 Kh7 31. Nxd5 Bxd5 32. Bxd5 Rxd5 33. Ke2 e4 34. Rab1
exd3+ 35. Kf1 Bc3 36. Qf4 Qxa2 37. Kg2 Re5 38. b6 Qd5+ 39. Qf3 Re4 40. b7 g5
41. b8=Q g4 42. Qb7+ 1-0

[Event "Plzen, JF A"]
[Site "?"]
[Date "1999.??.??"]
[Round "7.3"]
[White "Kaderka, R."]
[Black "Cedikova, K."]
[Result "1/2-1/2"]
[WhiteElo "2160"]
[BlackElo "2150"]
[PlyCount "105"]
[EventDate "1999.??.??"]
[Source "ChessBase"]
[SourceDate "1996.11.15"]

1. c4 d6 2. Nc3 g6 3. g3 Bg7 4. Bg2 Nf6 5. e4 O-O 6. Nge2 c5 7. O-O Nc6 8. f4
Ne8 9. d3 Nc7 10. f5 Rb8 11. g4 b5 12. h3 Ne5 13. cxb5 Nxb5 14. Bg5 Nc7 15. Qc2
Ba6 16. Rad1 Rb4 17. b3 h6 18. Be3 g5 19. Ng3 Nb5 20. Nxb5 Rxb5 21. Nh5 Rb4 22.
Rf2 Qb6 23. Bf1 Nc6 24. Nxg7 Kxg7 25. h4 f6 26. hxg5 hxg5 27. Rh2 Ne5 28. Be2
Qd8 29. Kg2 Rh8 30. Rdh1 Rxh2+ 31. Rxh2 Rb8 32. Qd2 Qg8 33. Qd1 Kf8 34. Qh1 Kg7
35. Rh6 Rb4 36. Qh5 Rxe4 37. dxe4 Bxe2 38. Kg3 Bxg4 39. Rg6+ Nxg6 40. Qxg6+ Kf8
41. Qxg8+ Kxg8 42. Kxg4 a6 43. e5 fxe5 44. Kxg5 Kf7 45. Bf2 Kg7 46. f6+ exf6+
47. Kf5 Kf7 48. Bh4 Ke7 49. Bxf6+ Kd7 50. Bh4 a5 51. Ke4 Ke6 52. Kd3 d5 53. a4
1/2-1/2

[Event "Plzen, JF A"]
[Site "?"]
[Date "1999.??.??"]
[Round "7.4"]
[White "Petek, P."]
[Black "Balin, K."]
[Result "1-0"]
[WhiteElo "1898"]
[BlackElo "1958"]
[PlyCount "83"]
[EventDate "1999.??.??"]
[Source "ChessBase"]
[SourceDate "1996.11.15"]

1. c4 e6 2. g3 d5 3. Bg2 Nf6 4. Nf3 c5 5. O-O Nc6 6. d3 Be7 7. Nc3 d4 8. Nb5
O-O 9. Bf4 a6 10. Na3 Nd7 11. Nc2 e5 12. Bd2 f5 13. e4 fxe4 14. dxe4 b5 15.
cxb5 axb5 16. Na3 Ba6 17. Nxb5 c4 18. a4 Qb6 19. Qc2 Bxb5 20. axb5 Qxb5 21.
Rxa8 Rxa8 22. Rc1 Nb6 23. Bf1 Na5 24. Bxa5 Rxa5 25. Bxc4+ Nxc4 26. Qxc4+ Qxc4
27. Rxc4 Ra1+ 28. Kg2 d3 29. Rc8+ Bf8 30. Rd8 Rb1 31. Rxd3 Rxb2 32. Nxe5 Rb8
33. Nd7 Re8 34. Nxf8 Kxf8 35. Re3 Kf7 36. h4 Kf6 37. f4 h6 38. Kf3 g5 39. hxg5+
hxg5 40. Rc3 Rb8 41. Rc5 Rb3+ 42. Kg4 1-0

[Event "Plzen, JF A"]
[Site "?"]
[Date "1999.??.??"]
[Round "7.5"]
[White "Hodova, L."]
[Black "Decka, E."]
[Result "0-1"]
[WhiteElo "1852"]
[BlackElo "2083"]
[PlyCount "80"]
[EventDate "1999.??.??"]
[Source "ChessBase"]
[SourceDate "1996.11.15"]

1. e4 c5 2. Nf3 d6 3. d4 cxd4 4. Nxd4 Nf6 5. Nc3 a6 6. g3 e5 7. Nde2 Be7 8. a4
b6 9. Bg2 Bb7 10. h3 Nbd7 11. g4 Nc5 12. Ng3 O-O 13. O-O g6 14. Be3 Rc8 15. g5
Nfd7 16. h4 Ne6 17. Qg4 Rc4 18. Rfd1 Qc8 19. h5 f5 20. gxf6 Nxf6 21. Qe2 Nf4
22. Bxf4 exf4 23. Nf1 Nxh5 24. Nd5 Bxd5 25. exd5 Bh4 26. c3 Re8 27. Qf3 Qf5 28.
Nd2 Rc7 29. Ne4 Qe5 30. Rd4 Rce7 31. Bh3 Ng7 32. Rad1 h5 33. Rb4 g5 34. Rxb6 g4
35. Bxg4 hxg4 36. Qxg4 Qxe4 37. Qxh4 Qg6+ 38. Kf1 Nf5 39. Qh3 Rg7 40. Qh2 Nh4
0-1

[Event "Plzen, JF A"]
[Site "?"]
[Date "1999.??.??"]
[Round "7.6"]
[White "Buldrova, M."]
[Black "Konigova, P."]
[Result "1-0"]
[WhiteElo "2129"]
[BlackElo "2061"]
[PlyCount "75"]
[EventDate "1999.??.??"]
[Source "ChessBase"]
[SourceDate "1996.11.15"]

1. e4 c5 2. Nf3 d6 3. d4 cxd4 4. Nxd4 Nf6 5. Nc3 g6 6. Be3 Bg7 7. Be2 O-O 8.
O-O Nc6 9. Nb3 Be6 10. Qd2 Ng4 11. Bxg4 Bxg4 12. Bh6 Be6 13. Bxg7 Kxg7 14. Nd4
Qb6 15. Nxe6+ fxe6 16. b3 Rac8 17. Ne2 Rf6 18. c4 Rcf8 19. Nc3 a6 20. Rad1 Qc5
21. Na4 Qh5 22. f3 b5 23. cxb5 axb5 24. Nc3 b4 25. Ne2 Qa5 26. Rc1 Qb6+ 27. Kh1
Qa6 28. Rc2 Rc8 29. Rfc1 Rff8 30. h3 Kg8 31. Nf4 Kf7 32. Nd3 Qb7 33. Rc4 Qa6
34. R1c2 Qb7 35. Qc1 Qb5 36. Nxb4 Nxb4 37. Rxc8 Nxc2 38. Qf4+ 1-0

[Event "Plzen, JF A"]
[Site "?"]
[Date "1999.??.??"]
[Round "7.7"]
[White "Herskovic, R."]
[Black "Soukup, J."]
[Result "0-1"]
[WhiteElo "1944"]
[BlackElo "2084"]
[PlyCount "66"]
[EventDate "1999.??.??"]
[Source "ChessBase"]
[SourceDate "1996.11.15"]

1. e4 e5 2. Nf3 Nc6 3. d4 exd4 4. Nxd4 Bc5 5. Be3 Qf6 6. c3 Nge7 7. g3 d6 8.
Bg2 Ne5 9. O-O Bd7 10. Nd2 O-O 11. Nc2 Bb5 12. Re1 Bxe3 13. Rxe3 Bd7 14. Nd4
Ng4 15. Rf3 Qh6 16. Nf1 c5 17. Nb3 Ne5 18. Re3 a6 19. f4 Nc4 20. Re2 Bg4 21.
Qd3 Bxe2 22. Qxe2 Nb6 23. Ne3 Nc6 24. Rd1 Rad8 25. Nf5 Qf6 26. Qg4 Ne7 27. Ne3
Rfe8 28. Nd2 d5 29. e5 Qg6 30. Qh4 Nf5 31. Nxf5 Qxf5 32. Nf3 Nc4 33. Ng5 h6 0-1